Quizzes
Events
Quiz Creation
Community
Videos
Private Events
Remove Ads
Sign In
Join for FREE
Feedback
Dark Mode
Quiz Categories
Sports
Geography
Music
Movies
Television
Just For Fun
Miscellaneous
History
Literature
Language
Science
Gaming
Entertainment
Religion
Holiday
For Kids
Quiz Lab
Recent
Popular Today
Quiz Kudos Today
Editor Picks
Curator Picks
Quizzes by...
Day
Popularity
Type
Ratings
Length
Year
Community
Subscriptions
Recent Discussions
Orange Saloon
Badges
Playlists
Quests
Create
Leaderboards
Showdown
Live 5
Trivia Bingo
Activity
Puzzle Library
Sporcle Events
Private Events
Virtual Trivia
Globe League
Become a Host
Pub Owners
SporcleCon
Opinionation
Our Games
Videos
Blog
Mobile Apps
Partnerships
Remove Ads and Go Orange
Feedback
Miscellaneous
Crossword
General Knowledge
Baby Names
Logo
Food
Cars
Numbers
Grab Bag
University
College
Popular
Company
Slogans
Restaurants
Justice
Letter
Miscellaneous
Crossword
General Knowledge
Baby Names
Logo
Food
Cars
Numbers
Grab Bag
University
College
Popular
Company
Slogans
Restaurants
Justice
Letter
Random Quiz
Search Sporcle
×
Quiz Lab
Quiz Lab
Miscellaneous
United Kingdom
Type in answers that appear in a list
Type in answers that appear in a list
Classic
Best Score? Go Orange.
Britain's Top Beers Stats
Can you name the Top Beers of Britain?
By
gambitman84
10m
20 Questions
511 Plays
511 Plays
511 Plays
Comments
Comments
Give Quiz Kudos
Give Quiz Kudos
-
- Ratings
hide this ad
Replay
Link that replays current quiz
Next Quiz
Link to next quiz in quiz playlist
You Got
0%
They Got
Avg Score
43%
Avg Friend Score
Upgrade to see
Score Distribution
Jump to the score distribution portion of the page
Score
0/20
Timer
10:00
0
Plays Today
% Correct
Carling
79.1%
Foster's
77.7%
Stella Artois
77.3%
Carlsberg
77.1%
Budweiser
70.1%
Guinness
64.6%
Heineken
62.4%
Beck's
49.7%
John Smith's Extra Smooth
48.3%
Boddingtons
41.3%
% Correct
Corona Extra
39.7%
Peroni Nastro Azzurro
38%
Kronenbourg 1664
34.2%
San Miguel
33.1%
Grolsch
28.6%
Tennent's
16.8%
Old Speckled Hen
12.9%
Carlsberg Export
11.2%
Carlsberg Special Brew
9.6%
Stella Artois 4%
7%
Quiz Playlist
Details
Report
Send in Message
Add To Playlist
Classic:
Type in answers that appear in a list
Quiz Source
Last Updated: Feb 16, 2017
Quiz Scoreboard
CHALLENGE
Sign Up to Join the Scoreboard
Show All
Scores
Hide
Comments
May contain spoilers
Recently Published
Popular People in 1961
by mucciniale
History
6m
1-10 Letter E Words III
by El_Dandy
Language
2m
One Thing in Common: World Cities II
by knightlancer
Geography
7m
More to Explore
Quiz From the Vault
Featured Blog Post
Where Did the Easter Bunny Come From?
hide this ad
You Might Also Like...
Tags
United Kingdom Quiz
Beer
Beer Brands
Beer Consumption
Best Selling
britain
Britain Best
Today's Top Quizzes in Miscellaneous
Browse Miscellaneous
hide this ad
Today's Top Quizzes in United Kingdom
Browse United Kingdom
Top Contributed Quizzes in Miscellaneous
1
The JOE quick-fire general knowledge quiz: Day 173
2
Sunday Crossword: Famous Bodies of Water
3
The JOE quick-fire general knowledge quiz: Day 172
4
Named After an Animal - Odd One Out!
5
sort kpop groups by number of members
6
Lays Potato Chip Flavour Contest Finalists
7
One Thing in Common: United Kingdom II
8
Fast Food Restaurants Spelling Bee
9
Parts Of A Small Engine
10
Company Missing Word Rainbow
Explore More
Trending Topics
Disney
Harry Potter
Anime
Crossword
NBA
Marvel
Kpop
The Office
Country
Pokémon
Soccer
Song
NFL
WWE
Puzzle
hide this ad
More By:
gambitman84
Quiz
Plays
Rating
Category
Featured
Created
Britain's Top Beers
511
2.75
Miscellaneous
Sep 5, 2010
World Cup 2010 South American Players
45
Sports
Jun 3, 2010
Premier League Goalscorers New Years Day 2012
40
5.00
Sports
Jan 1, 2012
Go to Creator's Profile
Score Distribution
Quiz Creator Spotlight
gambitman84
Follow
Send a Message
Quizzes Created
-
Created Quiz Play Count
-
More By This Creator
Popular Quizzes Today
1
Find the US States - No Outlines Minefield
2
Popular People in 1961
3
The Countries of the World
4
Find the Countries of Europe - No Outlines Minefield
5
1-10 Letter E Words III
6
Find the US States
7
US States
8
One Thing in Common: World Cities II
More Miscellaneous Quizzes
SPORCLE Grab Bag
Editor's Pick
Trending Quizzes
Get the Picture: Carrie or Dolly
Country Music Stars Doing Things
1-10 Letter F Words
1-10 Letter G Words
Risky Map Clicking: Next State Alphabetically
Recently Updated
Leaping Animals
pecheneg
Reality TV Shows (A-Z)
bhenderson79
Rickey Henderson's Hall of Fame Teammates
pecheneg
Champions League XIs: Arsenal
pecheneg
Quick Pick: Celebrities in WWE's Hall of Fame
aduchscher
A-Z Keypad Blitz II
pecheneg
Multiple Oscar Actors
pecheneg
Mystery Phrase Blitz: Oscar 'Best Actors'
pecheneg
F. Scott Fitzgerald Novels
LTH
Pick 3 Villains
ddd62291
Trending Topics
Anime
NBA
Kpop
Harry Potter
Marvel
Crossword
Disney
Song
Puzzle
WWE
NFL
Pokémon
Soccer
The Office
Country
Your Account Isn't Verified!
In order to create a playlist on Sporcle, you need to verify the email address you used during registration. Go to your
Sporcle Settings
to finish the process.
Report this User
Report this user for behavior that violates our
Community Guidelines
.
Details:
Send Report
Go to the Sporcle.com Mobile Site →
Comments